[Event "FRA-ch op-C"]
[Site "Aix les Bains"]
[Date "2007.08.22"]
[Round "9"]
[White "Monpeurt, Cyrielle"]
[Black "Pugin, Jean Louis"]
[Result "0-1"]
[WhiteElo "1750"]
[BlackElo "1770"]
[PlyCount "82"]
[EventDate "2007.08.13"]
[EventType "swiss"]
[EventRounds "11"]
[EventCountry "FRA"]
[SourceTitle "CBM 120 Extra"]
[Source "ChessBase"]
[SourceDate "2007.11.01"]
[SourceVersion "1"]
[SourceVersionDate "2007.11.01"]
[SourceQuality "1"]

1. e4 c5 2. d4 cxd4 3. c3 dxc3 4. Nxc3 e6 5. Nf3 Bc5 6. Bc4 b6 7. 0-0 Ne7 8. Qe2 Bb7 9. Rd1 0-0 10. Bf4 Ng6 11. Bg3 a6 12. Bxb8 Rxb8 13. Rac1 b5 14. Nxb5 axb5 15. Bxb5 Qb6 16. Bxd7 Rfd8 17. Ng5 h6 18. Nf3 Be7 19. Ba4 Rxd1+ 20. Rxd1 Ba6 21. Qc2 Qxb2 22. Qc7 Be2 23. Rc1 Bxf3 24. gxf3 Bg5 25. Rd1 Bf4 26. Rd8+ Rxd8 27. Qxd8+ Kh7 28. Be8 Ne5 29. Kg2 Be3 30. Qh4 Qxa2 31. Qg3 Bxf2 32. Qxf2 Qxf2+ 33. Kxf2 Kg8 34. Bb5 Ng6 35. Kg3 e5 36. Kg4 Nf4 37. Kf5 f6 38. Bc4+ Kf8 39. Bf1 h5 40. Bc4 Ke7 41. Bb5 g6# 0-1